<?xml version="1.0" encoding="UTF-8"?>
<marc:record xmlns:marc="http://www.loc.gov/MARC21/slim">
   <marc:leader>00000nam a2200000 a 4500</marc:leader>
   <marc:datafield ind1="1" ind2=" " tag="100">
      <marc:subfield code="a">Sixt, Eva</marc:subfield>
      <marc:subfield code="4">trl</marc:subfield>
      <marc:subfield code="e">Übersetzer/-in</marc:subfield>
   </marc:datafield>
   <marc:datafield ind1=" " ind2=" " tag="653">
      <marc:subfield code="a">Dinosaurier</marc:subfield>
   </marc:datafield>
   <marc:datafield ind1="0" ind2="0" tag="245">
      <marc:subfield code="a">Dinosaurier</marc:subfield>
   </marc:datafield>
   <marc:datafield ind1=" " ind2="1" tag="264">
      <marc:subfield code="a">München</marc:subfield>
      <marc:subfield code="b">Dorling Kindersley Verlag</marc:subfield>
      <marc:subfield code="c">2026</marc:subfield>
   </marc:datafield>
   <marc:datafield ind1="1" ind2=" " tag="490">
      <marc:subfield code="a">Memo Wissen Kids</marc:subfield>
   </marc:datafield>
   <marc:datafield ind1="1" ind2=" " tag="520">
      <marc:subfield code="a">Memo Wissen Kids  das ultimative Kinderbuch über Dinosaurier&lt;br/&gt; Komplett überarbeitet: Die aktuelle Forschung in großen Bildern &amp; lebendigen Texten&lt;br/&gt; Lieblingsthema Dinosaurier: alles über T. rex, Triceratops, Archaeopteryx &amp;amp; mehr&lt;br/&gt; Ideal für Leseanfänger*innen: leicht verständliche Texte &amp;amp; kindgerechte Schrift &lt;br/&gt; Bildstark: perfekt zum Entdecken, Staunen &amp;amp; Verstehen&lt;br/&gt; Spielerisch lernen: Quiz, Rätsel &amp;amp; Mitmachseiten garantieren extra Lesespaß&lt;br/&gt;&lt;br/&gt;Geniales Sachwissen für Grundschulkids&lt;br/&gt;Welcher Dinosaurier war am größten? Gab es neben Tyrannosaurus rex noch andere furchterregende Fleischfresser? Und wie konnten sich Pflanzenfresser wie Stegosaurus oder Triceratops schützen? Diese und viele weitere Fragen beantwortet das spannende Kindersachbuch über das Lieblingsthema Dinosaurier  leicht verständlich und voller beeindruckender Bilder. Die komplett überarbeitete Bestseller-Reihe memo Wissen Kids begeistert mit atmosphärischen Bildszenen und kurzen, einfachen Texten  ideal für Leseanfänger*innen. Zusätzliche Info-Kästen liefern spannende Fakten. Rätsel-Doppelseiten festigen das neu gewonnene Wissen spielerisch. So macht Lesenlernen Spaß!&lt;br/&gt;&lt;br/&gt;Die spannende Welt der Urzeit: Mit diesem Band der beliebten memo Wissen Kids-Reihe werden neugierige Kinder ab 6 Jahren zu echten Dino-Expert*innen.&lt;br/&gt;&lt;br/&gt;Dieses Buch ist Teil der Reihe memo Wissen Kids.</marc:subfield>
   </marc:datafield>
   <marc:datafield ind1=" " ind2=" " tag="020">
      <marc:subfield code="a">9783831052196</marc:subfield>
      <marc:subfield code="9">9783831052196</marc:subfield>
   </marc:datafield>
   <marc:datafield ind1=" " ind2=" " tag="041">
      <marc:subfield code="a">ger</marc:subfield>
   </marc:datafield>
   <marc:datafield ind1=" " ind2=" " tag="300">
      <marc:subfield code="b">Mit farbigen Fotos und Illustrationen</marc:subfield>
   </marc:datafield>
   <marc:datafield ind1="1" ind2=" " tag="521">
      <marc:subfield code="a">0</marc:subfield>
   </marc:datafield>
   <marc:datafield ind1=" " ind2=" " tag="300">
      <marc:subfield code="a">56 Seiten</marc:subfield>
   </marc:datafield>
</marc:record>
